书目信息 |
| 题名: |
真理有没有阶级性问题讨论文集
|
|
| 作者: | ;哲学研究编辑部 编 | |
| 分册: | ||
| 出版信息: | 济南 山东人民出版社 1980 |
|
| 页数: | 467页 | |
| 开本: | 19cm | |
| 丛书名: | ||
| 单 册: | ||
| 中图分类: | B023.3-53 , B017 | |
| 科图分类: | ||
| 主题词: | 真理-阶级性--文集 , 阶级性-真理--文集 , 哲学基本问题 | |
| 电子资源: | ||
| ISBN: | ||
| 000 | 00735nam0 2200253 45 | |
| 001 | 1540807789 | |
| 005 | 20150128075305.46 | |
| 010 | @dCNY1.25 | |
| 091 | @aCN@b2099.52 | |
| 100 | @a19950531d1980 emky0chiy0121 ea | |
| 101 | 0 | @achi |
| 102 | @aCN@b370000 | |
| 105 | @ay z 000yy | |
| 200 | 10 | @a真理有没有阶级性问题讨论文集@Azhen li you mei you jie ji xing wen ti tao lun wen ji@f《哲学研究》编辑部编 |
| 210 | @a济南@c山东人民出版社@d1980 | |
| 215 | @a467页@d19cm | |
| 606 | @a真理-阶级性@x文集 | |
| 606 | @a阶级性-真理@x文集 | |
| 606 | 0 | @a哲学基本问题 |
| 690 | @aB023.3-53@v3 | |
| 690 | @aB017@v4 | |
| 711 | 02 | @a哲学研究编辑部@Azhe xue yan jiu bian ji bu@4编 |
| 801 | 0 | @aCN@bTSSF@c20150128 |
| 905 | @aZUCC@dB017@eJY24 | |
| 真理有没有阶级性问题讨论文集/《哲学研究》编辑部编.-济南:山东人民出版社,1980 |
| 467页;19cm |
| ISBN :CNY1.25 |
| ● |
| 相关链接 |
|
|
|
|
正题名:真理有没有阶级性问题讨论文集
索取号:B017/JY24
 
预约/预借
| 序号 | 登录号 | 条形码 | 馆藏地/架位号 | 状态 | 备注 |
| 1 | 7856674 | 278566749 | 学院路分馆/ [索取号:B017/JY24] | 在馆 |